History Quiz

Random History or Politics Quiz

White House Counsel Match-Up Quiz Stats

 Plays Quiz not verified by Sporcle

Challenge
Share
Tweet
Score 0/10 Timer 03:00
0 Plays Today
% Correct
Alberto
87.5%
Harriet
56.3%
Kathryn
25%
Fred
25%
Jack
25%
Robert
18.8%
Beth
18.8%
Charles F.C.
18.8%
W. Neil
12.5%
Greg
12.5%

You're not logged in!

Compare scores with friends on all Sporcle quizzes.
OR
Log In

You Might Also Like...

Show Comments

Extras

Top Quizzes Today


Score Distribution

Your Account Isn't Verified!

In order to create a playlist on Sporcle, you need to verify the email address you used during registration. Go to your Sporcle Settings to finish the process.

Report this User

Report this user for behavior that violates our Community Guidelines.

Details: